Wybrane zagadnienia z zakresu miedzynarodowych stosunków ekonomicznych
Saved in:
| Other Authors: | , |
|---|---|
| Format: | Book |
| Language: | Polish |
| Published: |
Lódz
Wydawnictwo Uniwersytetu Lódzkiego
1995
|
| Edition: | 1. wyd. |
| Series: | Acta Universitatis Lodziensis
136 |
| Subjects: | |
| Tags: |
No Tags, Be the first to tag this record!
|
MARC
| LEADER | 00000nam a2200000 4500 | ||
|---|---|---|---|
| 001 | c013116 | ||
| 005 | 20221205133737.4 | ||
| 041 | 0 | |a pol | |
| 044 | |a PL | ||
| 245 | 1 | 0 | |a Wybrane zagadnienia z zakresu miedzynarodowych stosunków ekonomicznych |c Red. Kazimierz Zabielski, Wieslawa Wlodarczyk-Guzek |
| 250 | |a 1. wyd. | ||
| 264 | 1 | |a Lódz |b Wydawnictwo Uniwersytetu Lódzkiego |c 1995 | |
| 300 | |a 91 s. | ||
| 490 | 1 | |a Acta Universitatis Lodziensis |v 136 | |
| 830 | 0 | |a Acta Universitatis Lodziensis |v 136 | |
| 610 | 2 | 0 | |a vzťahy hospodárske medzinárodné |
| 610 | 2 | 0 | |a obchod medzinárodný |
| 610 | 2 | 0 | |a politika obchodná |
| 610 | 2 | 0 | |a obchod voľný |
| 610 | 2 | 0 | |a služby |
| 610 | 2 | 0 | |a mena |
| 610 | 2 | 0 | |a vývoz |
| 610 | 2 | 0 | |a reformy hospodárske |
| 610 | 2 | 0 | |a liberalizácia |
| 610 | 2 | 0 | |a Poľsko |
| 610 | 2 | 0 | |a Európa |
| 610 | 2 | 0 | |a Guinea |
| 610 | 2 | 0 | |a Kanada |
| 610 | 2 | 0 | |a USA |
| 700 | 1 | |a Zabielski, Kazimierz | |
| 700 | 1 | |a Wlodarczyk-Guzek, Wieslawa | |